000
00170nam a2200097Ia 4500
100
_a
#N/A
942
_c
BK
245
_a
Computer Home
260
_b
#N/A
546
_a
ENGLISH
999
_c
24294
_d
24294